[Event "Brasschaat op 08th"]
[Site "Brasschaat"]
[Date "2008.08.17"]
[Round "2"]
[White "Van Geldorp, Marc"]
[Black "Van Hove, Paolo"]
[Result "1/2-1/2"]
[WhiteElo "2026"]
[BlackElo "1773"]
[PlyCount "42"]
[EventDate "2008.08.16"]
[EventType "swiss"]
[EventRounds "9"]
[EventCountry "BEL"]
[SourceTitle "EXT 2017"]
[Source "ChessBase"]
[SourceDate "2016.10.25"]
[SourceVersion "1"]
[SourceVersionDate "2016.10.25"]
[SourceQuality "1"]

1. d4 Nf6 2. Nf3 g6 3. c3 Bg7 4. e3 d6 5. Be2 0-0 6. 0-0 Nbd7 7. Qc2 c5 8. a4 Qc7 9. b3 b6 10. Bb2 Bb7 11. Nbd2 d5 12. Rac1 Rad8 13. c4 e6 14. Rfd1 Qb8 15. cxd5 exd5 16. dxc5 bxc5 17. Bb5 Rfe8 18. Bxf6 Bxf6 19. Bxd7 Rxd7 20. Qxc5 Bb2 21. Rc2 Rc8 1/2-1/2

[Event "Antwerp League-ch Experts"]
[Site "Deurne"]
[Date "1987.01.25"]
[Round "5"]
[White "Van Geldorp, Marc"]
[Black "Penson, Thierry"]
[Result "0-1"]
[WhiteElo "2246"]
[BlackElo "2294"]
[PlyCount "64"]
[EventDate "1986.10.26"]
[EventType "tourn"]
[EventRounds "9"]
[EventCountry "BEL"]
[SourceTitle "EXT 2021"]
[Source "ChessBase"]
[SourceDate "2020.10.23"]
[SourceVersion "1"]
[SourceVersionDate "2020.10.23"]
[SourceQuality "1"]

1. e4 c5 2. c3 b6 3. d4 e6 4. Bd3 Na6 5. Nf3 Nc7 6. 0-0 d6 7. c4 cxd4 8. Nxd4 g6 9. f4 Bg7 10. Nf3 Ne7 11. Nc3 0-0 12. e5 d5 13. Be3 dxc4 14. Bxc4 Bb7 15. Qe2 Ncd5 16. Nxd5 Bxd5 17. Rfd1 Bxc4 18. Qxc4 Nd5 19. Qe4 Qd7 20. g4 Rfd8 21. Bf2 Bf8 22. Bh4 Rdc8 23. f5 Qb5 24. fxe6 fxe6 25. Rac1 Rxc1 26. Rxc1 Bc5+ 27. Kh1 Rf8 28. Bf6 Qxb2 29. Rd1 Nxf6 30. exf6 Qxf6 31. Ne5 Rd8 32. Nd7 Rxd7 0-1